THE GOLDEN BOOKS OF ENGLISH VERSE A GRADUATED COURSE FOR CLASS STUDY BOOK-3 (Record no. 568028)

000 -LEADER
fixed length control field 00297nam a22001097a 4500
082 ## - DEWEY DECIMAL CLASSIFICATION NUMBER
Classification number 808.1 GOL'I
100 ## - MAIN ENTRY--PERSONAL NAME
Personal name JONES, FRANK
9 (RLIN) 57771
245 ## - TITLE STATEMENT
Title THE GOLDEN BOOKS OF ENGLISH VERSE A GRADUATED COURSE FOR CLASS STUDY BOOK-3
260 ## - PUBLICATION, DISTRIBUTION, ETC.
Place of publication, distribution, etc. LONDON
Name of publisher, distributor, etc. BLACKI & SONS
Date of publication, distribution, etc. 1970
300 ## - PHYSICAL DESCRIPTION
Extent 166P
942 ## - ADDED ENTRY ELEMENTS (KOHA)
Koha item type Book
Holdings
Withdrawn status Lost status Damaged status Not for loan Permanent Location Current Location Shelving location Date acquired Total Checkouts Full call number Barcode Date last seen Price effective from Koha item type
        College of Electrical & Mechanical Engineering (CEME) College of Electrical & Mechanical Engineering (CEME) General Stacks 07/14/2017   808.1 GOL'I CEME-3764 06/28/2021 06/28/2021 Book
© 2023 Central Library, National University of Sciences and Technology. All Rights Reserved.